| 000 | 00614nam a2200181 4500 | ||
|---|---|---|---|
| 001 | 123260 | ||
| 003 | ES-MaACL | ||
| 005 | 20230906192136.0 | ||
| 007 | t| | ||
| 008 | 070214s1982 sp r ||||0| spa d | ||
| 100 | 1 |
_aRabanal Alonso, Manuel Abilio. _994835 |
|
| 245 | 1 | 0 |
_aFuentes literarias y epigráficas de León en la Antigüedad / _cManuel Abilio Rabanal Alonso. |
| 260 |
_aLeón : _bInstitución `Fray Bernardino de Sahagún`, _c1982. |
||
| 300 |
_a2 v ; _c25 cm. |
||
| 500 | _aEl v. II son lám. | ||
| 710 | 2 |
_aInstitución "Fray Bernardino de Sahagún" _94722 |
|
| 852 |
_aES-MaACL _jL-4544-5 _bR.105210 |
||
| 999 |
_c123260 _d123260 |
||